000 01338cam a2200217 4500500
005 20251228060007.0
041 _afre
042 _adc
100 1 0 _aVacher-Neill, Nicole
_eauthor
245 0 0 _aUn entre-deux, l'hospitalisation soins-études à long terme
260 _c2001.
500 _a85
520 _aRésumé L’hospitalisation soins-études, à distance de l’urgence, propose à l’adolescent en souffrance psychique un entre-temps entre l’épisode aigu pathologique et la réinsertion dans la vie sociale quotidienne. Elle permet que la séparation, au centre des préoccupations de l’adolescent et de sa famille, puisse, à partir de nouveaux repères, se rejouer autrement. Cela suppose de donner du temps au temps, un temps suffisamment long pour remobiliser le champ des possibles et faire en sorte que l’hospitalisation s’inscrive dans la continuité d’un soin qui le dépasse et ne rime plus systématiquement avec la menace d’une exclusion désocialisante.
690 _aadolescence
690 _aéinsertion sociale
690 _aétudes
690 _ahospitalisation
690 _atemps du soin
786 0 _nEnfances & Psy | 13 | 1 | 2001-03-01 | p. 101-107 | 1286-5559
856 4 1 _uhttps://shs.cairn.info/revue-enfances-et-psy-2001-1-page-101?lang=fr&redirect-ssocas=7080
999 _c1586715
_d1586715